| 000 | 00578nam a22002057a 4500 | ||
|---|---|---|---|
| 005 | 20251108175337.0 | ||
| 008 | 250721s2015 xx 000 0 ara d | ||
| 020 | _a9957181157 | ||
| 082 | 1 | 4 | _a658.8/ساع |
| 100 | 1 | _aالساعد، رشاد محمد | |
| 245 | 1 | 0 | _aالتسويق الدوائي / |
| 246 | 1 | 1 | _aPHARMACEUTICAL MARKETING |
| 264 | 1 |
_aعمان : _bدار المناهج، _c2015. |
|
| 300 | _a311 ص. | ||
| 650 | 1 | 7 | _aالتسويق |
| 650 | 1 | 7 | _aالصناعة الصيدلانية |
| 650 | 1 | 7 | _aالأدوية |
| 942 |
_2ddc _cBK |
||
| 999 |
_c131923 _d131923 |
||